MARC details
| 000 -CABECERA |
| campo de control de longitud fija |
01039nam a2200253 a 4500 |
| 001 - NÚMERO DE CONTROL |
| campo de control |
000020719 |
| 005 - FECHA Y HORA DE LA ÚLTIMA TRANSACCIÓN |
| campo de control |
20200930011142.0 |
| 008 - DATOS DE LONGITUD FIJA--INFORMACIÓN GENERAL |
| campo de control de longitud fija |
100813s2002 dr 000 0 spa d |
| 020 ## - NÚMERO INTERNACIONAL ESTÁNDAR DEL LIBRO |
| Número Internacional Estándar del Libro |
9788484830771 |
| 040 ## - FUENTE DE LA CATALOGACIÓN |
| Centro catalogador/agencia de origen |
DO-SdBNP |
| Lengua de catalogación |
spa |
| Centro/agencia transcriptor |
BPJMB |
| 082 ## - NÚMERO DE LA CLASIFICACIÓN DECIMAL DEWEY |
| Número de clasificación |
xxxx |
| Número de documento/Ítem |
Vxxxa |
| 100 1# - ENTRADA PRINCIPAL--NOMBRE DE PERSONA |
| Nombre de persona |
Verzosa, Juan de, |
| Fechas asociadas al nombre |
1956- |
| 9 (RLIN) |
43468 |
| 245 10 - MENCIÓN DE TÍTULO |
| Título |
Anales del reino de Felipe II / |
| Mención de responsabilidad, etc. |
Juan de Verzosa ; introducción, edición crítica, traducción anotada e índices José María Maestre Maestre ; prólogo Juan Gil. |
| 260 ## - PUBLICACIÓN, DISTRIBUCIÓN, ETC. |
| Lugar de publicación, distribución, etc. |
Madrid : |
| Nombre del editor, distribuidor, etc. |
Instituto de estudios humanísticos, |
| Fecha de publicación, distribución, etc. |
2002. |
| 300 ## - DESCRIPCIÓN FÍSICA |
| Extensión |
ccxxx, 280 p. ; |
| Dimensiones |
24 cm. |
| 490 1# - MENCIÓN DE SERIE |
| Mención de serie |
Textos y estudios humanísticos |
| 490 1# - MENCIÓN DE SERIE |
| Mención de serie |
Textos |
| Designación de volumen o secuencia |
v. 1 |
| 500 ## - NOTA GENERAL |
| Nota general |
Incluye datos biográficos del autor en la solapa de la cubierta |
| 504 ## - NOTA DE BIBLIOGRAFÍA, ETC. |
| Nota de bibliografía, etc. |
Incluye referencias bibliográficas y notas al pie de las páginas |
| 650 #4 - PUNTO DE ACCESO ADICIONAL DE MATERIA--TÉRMINO DE MATERIA |
| Término de materia o nombre geográfico como elemento de entrada |
Humanismo |
| Subdivisión general |
Literatura clásica |
| 9 (RLIN) |
43469 |
| 700 1# - PUNTO DE ACCESO ADICIONAL--NOMBRE DE PERSONA |
| Nombre de persona |
Maestre Maestre, José María |
| Término indicativo de función/relación |
ed. |
| 9 (RLIN) |
43470 |
| 830 #0 - PUNTO DE ACCESO ADICIONAL DE SERIE-TÍTULO UNIFORME |
| Título uniforme |
Textos y estudios humanísticos |
| 9 (RLIN) |
43471 |
| 830 #0 - PUNTO DE ACCESO ADICIONAL DE SERIE-TÍTULO UNIFORME |
| Título uniforme |
Textos |
| Número de parte o sección de la obra |
no. 1 |
| 9 (RLIN) |
38411 |